000 01528cam a22003854a 4500
001 5479505
003 ARRUPE
005 20131104174229.0
008 051128m20059999mau b 001 0 eng
010 _a 2005019779
020 _a1565636066 (alk. paper)
035 _a(OCoLC)ocm61123023
035 _a(NNC)5479505
040 _aDLC
_cDLC
_dBAKER
_dC#P
041 1 _aeng
_hita
042 _apcc
050 0 0 _aBR67
_b.M73 2005
100 1 _aMoreschini, Claudio.
_93152
240 1 0 _aStoria della letteratura cristiana antica greca e latina.
_lEnglish
245 1 0 _aEarly Christian Greek and Latin literature :
_ba literary history /
_cClaudio Moreschini and Enrico Norelli ; translated by Matthew J. O'Connell.
260 _aPeabody, Mass. :
_bHendrickson Publishers,
_cc2005.
300 _axiv, 453p.;
_c25 cm.
504 _aIncludes bibliographical references and index.
505 0 _av. 1. From Paul to the age of Constantine -- v. 2. From the Council of Nicea to the beginnings of the medieval period.
650 0 _aChristian literature, Early
_xGreek authors.
_93153
650 0 _aChristian literature, Early
_xLatin authors.
_93154
650 0 _aGreek literature
_xHistory and criticism.
_93155
650 0 _aLatin literature
_xHistory and criticism.
_93156
700 1 _aNorelli, Enrico.
_93157
856 4 1 _3Table of contents
_uhttp://www.loc.gov/catdir/toc/ecip0516/2005019779.html
942 _2lcc
_cMONOGRAPH
948 1 _a20060120
_bc
_cks26
_dMPS
948 2 _a20060807
_ba
_crad1
_dMPS
999 _c118494
_d118494